Normal view
MARC view
Entry Topical Term
001 - CONTROL NUMBER
- control field: 54995
003 - CONTROL NUMBER IDENTIFIER
- control field: OSt
005 - DATE AND TIME OF LATEST TRANSACTION
- control field: 20230405124938.0
008 - FIXED-LENGTH DATA ELEMENTS
- fixed length control field: 230405|| aca||aabn | a|a d
040 ## - CATALOGING SOURCE
- Original cataloging agency: OSt
- Transcribing agency: OSt
600 ## -
- : Joomla! (Computer file)
670 ## - SOURCE DATA FOUND
- Source citation: Work cat.: (OSt)67589: Marriott, Jennifer, 1969- 54994, The official Joomla! book /
